[Event "Benidorm Satellite preliminary"]
[Site "playchess.com #007036"]
[Date "2009.10.24"]
[Round "10"]
[White "Shakked"]
[Black "Tpeter"]
[Result "1-0"]
[WhiteElo "1393"]
[BlackElo "1170"]
[PlyCount "121"]
[EventDate "2009.10.24"]
[EventType "swiss (blitz)"]

1. e4 {[%emt 0:00:02]} c5 {[%emt 0:00:02]} 2. Nf3 {[%emt 0:00:02]} d6 {[%emt 0:
00:01]} 3. d4 {[%emt 0:00:01]} cxd4 {[%emt 0:00:01]} 4. Nxd4 {[%emt 0:00:00]}
Nf6 {[%emt 0:00:01]} 5. Nc3 {[%emt 0:00:01]} a6 {[%emt 0:00:01]} 6. Be2 {[%emt
0:00:02]} e6 {[%emt 0:00:01]} 7. Be3 {[%emt 0:00:03]} Be7 {[%emt 0:00:01]} 8.
O-O {[%emt 0:00:02]} b5 {[%emt 0:00:01]} 9. f3 {[%emt 0:00:18]} O-O {[%emt 0:
00:05]} 10. a3 {[%emt 0:00:03]} Nbd7 {[%emt 0:00:07]} 11. b4 {[%emt 0:00:03]}
Bb7 {[%emt 0:00:10]} 12. a4 {[%emt 0:00:09]} bxa4 {[%emt 0:00:11]} 13. Rxa4 {
[%emt 0:00:11]} e5 {[%emt 0:00:08]} 14. Nf5 {[%emt 0:00:12]} Nb6 {[%emt 0:00:
19]} 15. Nxe7+ {[%emt 0:00:05]} Qxe7 {[%emt 0:00:12]} 16. Bxb6 {[%emt 0:00:03]}
Nd7 {[%emt 0:00:06]} 17. Be3 {[%emt 0:00:05]} Rfc8 {[%emt 0:00:05]} 18. Nd5 {
[%emt 0:00:03]} Bxd5 {[%emt 0:00:11]} 19. Qxd5 {[%emt 0:00:06]} Nb6 {[%emt 0:
00:02]} 20. Qb3 {[%emt 0:00:15]} Nxa4 {[%emt 0:00:02]} 21. Qxa4 {[%emt 0:00:03]
} Qc7 {[%emt 0:00:12]} 22. c4 {[%emt 0:00:20]} a5 {[%emt 0:00:06]} 23. b5 {
[%emt 0:00:03]} g6 {[%emt 0:00:08]} 24. Ra1 {[%emt 0:00:07]} Rd8 {[%emt 0:00:
10]} 25. Qb3 {[%emt 0:00:16]} Qb7 {[%emt 0:00:14]} 26. Ra4 {[%emt 0:00:10]} Kg7
{[%emt 0:00:29]} 27. Qa3 {[%emt 0:00:04]} f5 {[%emt 0:00:03]} 28. exf5 {[%emt
0:00:05]} gxf5 {[%emt 0:00:02]} 29. Rxa5 {[%emt 0:00:02]} f4 {[%emt 0:00:07]}
30. Bf2 {[%emt 0:00:07]} d5 {[%emt 0:00:01]} 31. c5 {[%emt 0:00:06]} d4 {[%emt
0:00:09]} 32. c6 {[%emt 0:00:02]} Qb6 {[%emt 0:00:03]} 33. Rxa8 {[%emt 0:00:02]
} Rxa8 {[%emt 0:00:19]} 34. Qxa8 {[%emt 0:00:03]} Qxb5 {[%emt 0:00:01]} 35.
Qb7+ {[%emt 0:00:04]} Qxb7 {[%emt 0:00:03]} 36. cxb7 {[%emt 0:00:01]} Kf7 {
[%emt 0:00:02]} 37. b8=Q {[%emt 0:00:00]} Ke7 {[%emt 0:00:01]} 38. Qc7+ {[%emt
0:00:01]} Ke6 {[%emt 0:00:01]} 39. Qc6+ {[%emt 0:00:01]} Ke7 {[%emt 0:00:01]}
40. Qd5 {[%emt 0:00:04]} Kf6 {[%emt 0:00:02]} 41. Bxd4 {[%emt 0:00:02]} exd4 {
[%emt 0:00:02]} 42. Qxd4+ {[%emt 0:00:00]} Ke6 {[%emt 0:00:01]} 43. Bc4+ {
[%emt 0:00:03]} Ke7 {[%emt 0:00:02]} 44. Qe5+ {[%emt 0:00:01]} Kd7 {[%emt 0:00:
03]} 45. Qe6+ {[%emt 0:00:04]} Kc7 {[%emt 0:00:02]} 46. Qf7+ {[%emt 0:00:02]}
Kd6 {[%emt 0:00:01]} 47. Qxf4+ {[%emt 0:00:01]} Ke7 {[%emt 0:00:02]} 48. Qg5+ {
[%emt 0:00:01]} Kd6 {[%emt 0:00:01]} 49. Qh6+ {[%emt 0:00:01]} Ke7 {[%emt 0:00:
01]} 50. Qxh7+ {[%emt 0:00:01]} Kd6 {[%emt 0:00:01]} 51. f4 {[%emt 0:00:01]}
Kc6 {[%emt 0:00:02]} 52. f5 {[%emt 0:00:01]} Kc5 {[%emt 0:00:01]} 53. Bg8 {
[%emt 0:00:04]} Kd6 {[%emt 0:00:01]} 54. f6 {[%emt 0:00:01]} Ke5 {[%emt 0:00:
02]} 55. f7 {[%emt 0:00:01]} Kf6 {[%emt 0:00:01]} 56. f8=Q+ {[%emt 0:00:02]}
Ke5 {[%emt 0:00:01]} 57. Qhe7+ {[%emt 0:00:01]} Kd4 {[%emt 0:00:01]} 58. Qfd8+
{[%emt 0:00:00]} Kc3 {[%emt 0:00:03]} 59. Qec7+ {[%emt 0:00:00]} Kb4 {[%emt 0:
00:02]} 60. Qdb8+ {[%emt 0:00:00]} Ka4 {[%emt 0:00:03]} 61. Qca7# {[%emt 0:00:
00]} 1-0

[Event "Benidorm Satellite preliminary"]
[Site "playchess.com #007036"]
[Date "2009.10.24"]
[Round "10"]
[White "MrHub"]
[Black "Direchess"]
[Result "1-0"]
[WhiteElo "2423"]
[BlackElo "2000"]
[PlyCount "163"]
[EventDate "2009.10.24"]
[EventType "swiss (blitz)"]

1. d4 {[%emt 0:00:01]} c5 {[%emt 0:00:07]} 2. c3 {[%emt 0:00:03]} e6 {[%emt 0:
00:03]} 3. Nf3 {[%emt 0:00:01]} Nf6 {[%emt 0:00:03]} 4. Bf4 {[%emt 0:00:01]
MrHub réclame le gain suite à déconnexion} Be7 {[%emt 0:00:43]} 5. h3 {[%emt 0:
00:02]} a6 {[%emt 0:00:03]} 6. e3 {[%emt 0:00:01]} Nc6 {[%emt 0:00:10]} 7. Nbd2
{[%emt 0:00:02] MrHub réclame le gain suite à déconnexion} cxd4 {[%emt 0:00:47]
} 8. exd4 {[%emt 0:00:02]} d6 {[%emt 0:00:04]} 9. Be2 {[%emt 0:00:03]} h6 {
[%emt 0:00:04]} 10. O-O {[%emt 0:00:02]} O-O {[%emt 0:00:05]} 11. Re1 {[%emt 0:
00:01]} Qb6 {[%emt 0:00:06]} 12. Qb3 {[%emt 0:00:01]} Qxb3 {[%emt 0:00:03]} 13.
axb3 {[%emt 0:00:01]} Bd7 {[%emt 0:00:03]} 14. Nc4 {[%emt 0:00:05]} Ne8 {[%emt
0:00:05]} 15. Nb6 {[%emt 0:00:06]} Rd8 {[%emt 0:00:02]} 16. Nxd7 {[%emt 0:00:
01]} Rxd7 {[%emt 0:00:00]} 17. b4 {[%emt 0:00:01]} Nb8 {[%emt 0:00:21]} 18. Bg3
{[%emt 0:00:07]} Nf6 {[%emt 0:00:15]} 19. Nd2 {[%emt 0:00:01]} Rc8 {[%emt 0:00:
04]} 20. Nc4 {[%emt 0:00:05]} Nd5 {[%emt 0:00:14]} 21. Na5 {[%emt 0:00:07]} Rf8
{[%emt 0:00:16]} 22. Bf3 {[%emt 0:00:02]} b6 {[%emt 0:00:02]} 23. Nb3 {[%emt 0:
00:04]} b5 {[%emt 0:00:02]} 24. Re2 {[%emt 0:00:16] .} Bf6 {[%emt 0:00:01]} 25.
Nd2 {[%emt 0:00:07]} Rc8 {[%emt 0:00:02]} 26. Ne4 {[%emt 0:00:01]} Rcd8 {[%emt
0:00:02]} 27. Nxf6+ {[%emt 0:00:07]} Nxf6 {[%emt 0:00:00]} 28. Bh4 {[%emt 0:00:
06]} Kh7 {[%emt 0:00:00]} 29. Bxf6 {[%emt 0:00:04]} gxf6 {[%emt 0:00:00]} 30.
g4 {[%emt 0:00:01]} Kg7 {[%emt 0:00:01]} 31. Kh2 {[%emt 0:00:01]} Rh8 {[%emt 0:
00:01]} 32. Be4 {[%emt 0:00:04]} d5 {[%emt 0:00:01]} 33. Bd3 {[%emt 0:00:01]}
Rc8 {[%emt 0:00:01]} 34. Kg3 {[%emt 0:00:03]} Rdc7 {[%emt 0:00:00]} 35. f4 {
[%emt 0:00:03]} Rc6 {[%emt 0:00:03]} 36. f5 {[%emt 0:00:02]} Re8 {[%emt 0:00:
01]} 37. Rae1 {[%emt 0:00:03]} Nd7 {[%emt 0:00:02]} 38. fxe6 {[%emt 0:00:07]}
fxe6 {[%emt 0:00:00]} 39. h4 {[%emt 0:00:01]} Nb6 {[%emt 0:00:03]} 40. Kf4 {
[%emt 0:00:06]} Na4 {[%emt 0:00:01]} 41. g5 {[%emt 0:00:03]} hxg5+ {[%emt 0:00:
02]} 42. hxg5 {[%emt 0:00:00]} fxg5+ {[%emt 0:00:00]} 43. Kxg5 {[%emt 0:00:01]}
Nb6 {[%emt 0:00:02]} 44. Rh1 {[%emt 0:00:03]} Rg8 {[%emt 0:00:04]} 45. Kf4 {
[%emt 0:00:04]} Kf6 {[%emt 0:00:03]} 46. Rh6+ {[%emt 0:00:02]} Ke7 {[%emt 0:00:
01]} 47. Rh7+ {[%emt 0:00:05]} Kd6 {[%emt 0:00:01]} 48. Rg2 {[%emt 0:00:03]}
Rf8+ {[%emt 0:00:01]} 49. Ke3 {[%emt 0:00:02]} Nd7 {[%emt 0:00:00]} 50. Rgg7 {
[%emt 0:00:04]} Rc7 {[%emt 0:00:01]} 51. Rf7 {[%emt 0:00:08]} Rxf7 {[%emt 0:00:
03]} 52. Rxf7 {[%emt 0:00:01]} e5 {[%emt 0:00:01]} 53. dxe5+ {[%emt 0:00:03]}
Nxe5 {[%emt 0:00:00]} 54. Rxc7 {[%emt 0:00:01]} Kxc7 {[%emt 0:00:00]} 55. Be2 {
[%emt 0:00:01]} Nc4+ {[%emt 0:00:01]} 56. Bxc4 {[%emt 0:00:03]} dxc4 {[%emt 0:
00:00]} 57. Ke4 {[%emt 0:00:02]} Kd6 {[%emt 0:00:05]} 58. Kd4 {[%emt 0:00:01]}
Kc6 {[%emt 0:00:06]} 59. Ke5 {[%emt 0:00:01]} Kb6 {[%emt 0:00:03]} 60. Kd6 {
[%emt 0:00:02]} a5 {[%emt 0:00:00]} 61. Kd5 {[%emt 0:00:05]} axb4 {[%emt 0:00:
06]} 62. cxb4 {[%emt 0:00:01]} Kb7 {[%emt 0:00:03]} 63. Kc5 {[%emt 0:00:01]}
Ka6 {[%emt 0:00:04]} 64. Kc6 {[%emt 0:00:01]} Ka7 {[%emt 0:00:03]} 65. Kxb5 {
[%emt 0:00:01]} Kb7 {[%emt 0:00:03]} 66. Kxc4 {[%emt 0:00:01]} Kc6 {[%emt 0:00:
00]} 67. b5+ {[%emt 0:00:02]} Kb6 {[%emt 0:00:02]} 68. Kb4 {[%emt 0:00:00]} Kb7
{[%emt 0:00:02]} 69. Ka5 {[%emt 0:00:00]} Ka7 {[%emt 0:00:01]} 70. b6+ {[%emt
0:00:00]} Ka8 {[%emt 0:00:01]} 71. Ka6 {[%emt 0:00:01]} Kb8 {[%emt 0:00:01]}
72. b7 {[%emt 0:00:01]} Kc7 {[%emt 0:00:01]} 73. Ka7 {[%emt 0:00:01]} Kc6 {
[%emt 0:00:00]} 74. b8=Q {[%emt 0:00:01]} Kc5 {[%emt 0:00:00]} 75. b4+ {[%emt
0:00:01]} Kc4 {[%emt 0:00:00]} 76. b5 {[%emt 0:00:00]} Kb4 {[%emt 0:00:01]} 77.
b6 {[%emt 0:00:00]} Ka5 {[%emt 0:00:00]} 78. b7 {[%emt 0:00:00]} Ka4 {[%emt 0:
00:01]} 79. Qc7 {[%emt 0:00:01]} Ka3 {[%emt 0:00:03]} 80. b8=Q {[%emt 0:00:03]}
Ka4 {[%emt 0:00:00]} 81. Qc4+ {[%emt 0:00:01]} Ka5 {[%emt 0:00:01]} 82. Qa2# {
[%emt 0:00:02]} 1-0

[Event "Benidorm Satellite preliminary"]
[Site "playchess.com #007036"]
[Date "2009.10.24"]
[Round "10"]
[White "Pupu"]
[Black "Xankov"]
[Result "0-1"]
[WhiteElo "1998"]
[BlackElo "1800"]
[PlyCount "102"]
[EventDate "2009.10.24"]
[EventType "swiss (blitz)"]

1. e4 {[%emt 0:00:01]} d5 {[%emt 0:00:02]} 2. e5 {[%emt 0:00:02]} c5 {[%emt 0:
00:06]} 3. f4 {[%emt 0:00:01]} Nc6 {[%emt 0:00:02]} 4. Nf3 {[%emt 0:00:01]} Bg4
{[%emt 0:00:01]} 5. Be2 {[%emt 0:00:07]} e6 {[%emt 0:00:02]} 6. O-O {[%emt 0:
00:01]} Nge7 {[%emt 0:00:02]} 7. d3 {[%emt 0:00:01]} Nf5 {[%emt 0:00:04]} 8.
Qe1 {[%emt 0:00:16]} Be7 {[%emt 0:00:15]} 9. h3 {[%emt 0:00:03]} Bxf3 {[%emt 0:
00:02]} 10. Bxf3 {[%emt 0:00:02]} O-O {[%emt 0:00:02]} 11. c3 {[%emt 0:00:09]}
Bh4 {[%emt 0:00:03]} 12. Qe2 {[%emt 0:00:02]} Ng3 {[%emt 0:00:02]} 13. Qc2 {
[%emt 0:00:07]} Nxf1 {[%emt 0:00:02]} 14. Kxf1 {[%emt 0:00:00]} f6 {[%emt 0:00:
12]} 15. Qe2 {[%emt 0:00:24]} fxe5 {[%emt 0:00:04]} 16. fxe5 {[%emt 0:00:03]}
d4 {[%emt 0:00:16]} 17. Kg1 {[%emt 0:00:06]} Bg3 {[%emt 0:00:11]} 18. Nd2 {
[%emt 0:00:07]} Nxe5 {[%emt 0:00:15]} 19. Bxb7 {[%emt 0:00:09]} Rb8 {[%emt 0:
00:02]} 20. Be4 {[%emt 0:00:02]} Rf2 {[%emt 0:00:23]} 21. Qh5 {[%emt 0:00:10]}
g6 {[%emt 0:00:06]} 22. Qh6 {[%emt 0:00:05]} Qf8 {[%emt 0:00:14]} 23. Nf3 {
[%emt 0:00:15]} Nxf3+ {[%emt 0:00:12]} 24. gxf3 {[%emt 0:00:13]} Rc2 {[%emt 0:
00:10]} 25. cxd4 {[%emt 0:00:19]} Qxh6 {[%emt 0:00:08]} 26. Bxh6 {[%emt 0:00:
02]} cxd4 {[%emt 0:00:04]} 27. b3 {[%emt 0:00:06]} Rbc8 {[%emt 0:00:13]} 28.
Bg5 {[%emt 0:00:13]} Bf2+ {[%emt 0:00:03]} 29. Kh1 {[%emt 0:00:13]} Be3 {[%emt
0:00:01]} 30. Bf6 {[%emt 0:00:07]} Rc1+ {[%emt 0:00:05]} 31. Rxc1 {[%emt 0:00:
01]} Rxc1+ {[%emt 0:00:01]} 32. Kg2 {[%emt 0:00:01]} Rc2+ {[%emt 0:00:01]} 33.
Kg3 {[%emt 0:00:01]} Rxa2 {[%emt 0:00:02]} 34. Bc6 {[%emt 0:00:09]} Rb2 {[%emt
0:00:10]} 35. Ba4 {[%emt 0:00:04]} a6 {[%emt 0:00:05]} 36. f4 {[%emt 0:00:06]}
Rd2 {[%emt 0:00:03]} 37. Bd7 {[%emt 0:00:03]} Kf7 {[%emt 0:00:02]} 38. Be5 {
[%emt 0:00:01]} Rxd3 {[%emt 0:00:01]} 39. Bc8 {[%emt 0:00:00]} a5 {[%emt 0:00:
07]} 40. Kf3 {[%emt 0:00:03]} Rxb3 {[%emt 0:00:02]} 41. Ke4 {[%emt 0:00:01]} a4
{[%emt 0:00:05]} 42. Bd6 {[%emt 0:00:07]} a3 {[%emt 0:00:02]} 43. Ke5 {[%emt 0:
00:03]} Rb5+ {[%emt 0:00:07]} 44. Ke4 {[%emt 0:00:01]} a2 {[%emt 0:00:02]} 45.
f5 {[%emt 0:00:13]} gxf5+ {[%emt 0:00:02]} 46. Kd3 {[%emt 0:00:01]} a1=Q {
[%emt 0:00:03]} 47. Bd7 {[%emt 0:00:00]} Rb3+ {[%emt 0:00:02]} 48. Ke2 {[%emt
0:00:01]} Qg1 {[%emt 0:00:04]} 49. Bxe6+ {[%emt 0:00:04]} Kxe6 {[%emt 0:00:02]}
50. Bh2 {[%emt 0:00:02]} Qf2+ {[%emt 0:00:02]} 51. Kd1 {[%emt 0:00:01]} Rb1# {
[%emt 0:00:01]} 0-1

[Event "Benidorm Satellite preliminary"]
[Site "playchess.com #007036"]
[Date "2009.10.24"]
[Round "10"]
[White "Vijayvikram"]
[Black "Heinz53"]
[Result "1-0"]
[WhiteElo "1755"]
[BlackElo "1727"]
[PlyCount "121"]
[EventDate "2009.10.24"]
[EventType "swiss (blitz)"]

1. e4 {[%emt 0:00:01]} d5 {[%emt 0:00:01]} 2. exd5 {[%emt 0:00:03]} Nf6 {[%emt
0:00:00]} 3. Nf3 {[%emt 0:00:04]} Nxd5 {[%emt 0:00:02]} 4. d4 {[%emt 0:00:04]}
Nf6 {[%emt 0:00:01]} 5. Nc3 {[%emt 0:00:04]} g6 {[%emt 0:00:00]} 6. Be2 {[%emt
0:00:12]} Bg7 {[%emt 0:00:01]} 7. O-O {[%emt 0:00:01]} O-O {[%emt 0:00:01]} 8.
Bg5 {[%emt 0:00:04]} Bf5 {[%emt 0:00:04]} 9. Qd2 {[%emt 0:00:03]} c6 {[%emt 0:
00:04]} 10. Rfe1 {[%emt 0:00:09]} Nbd7 {[%emt 0:00:05]} 11. Bh6 {[%emt 0:00:06]
} Re8 {[%emt 0:00:08]} 12. Bxg7 {[%emt 0:00:02]} Kxg7 {[%emt 0:00:01]} 13. Rad1
{[%emt 0:00:02]} Nb6 {[%emt 0:00:04]} 14. b3 {[%emt 0:00:04]} Nbd5 {[%emt 0:00:
02]} 15. Bd3 {[%emt 0:00:11]} Bxd3 {[%emt 0:00:22]} 16. Qxd3 {[%emt 0:00:06]}
Nxc3 {[%emt 0:00:01]} 17. Qxc3 {[%emt 0:00:02]} Nd5 {[%emt 0:00:01]} 18. Qb2 {
[%emt 0:00:08]} e6 {[%emt 0:00:09]} 19. c4 {[%emt 0:00:02]} Nf4 {[%emt 0:00:05]
} 20. d5+ {[%emt 0:00:07]} Qf6 {[%emt 0:00:07]} 21. Qxf6+ {[%emt 0:00:38]} Kxf6
{[%emt 0:00:02]} 22. g3 {[%emt 0:00:11]} Nh5 {[%emt 0:00:08]} 23. dxc6 {[%emt
0:00:11]} bxc6 {[%emt 0:00:03]} 24. Rd7 {[%emt 0:00:06]} a5 {[%emt 0:00:10]}
25. Red1 {[%emt 0:00:11]} a4 {[%emt 0:00:10]} 26. h4 {[%emt 0:00:19]} axb3 {
[%emt 0:00:04]} 27. axb3 {[%emt 0:00:01]} Ra3 {[%emt 0:00:01]} 28. Rb7 {[%emt
0:00:07]} Re7 {[%emt 0:00:07]} 29. Rb6 {[%emt 0:00:17]} Rc7 {[%emt 0:00:10]}
30. Rd6 {[%emt 0:00:11]} Ng7 {[%emt 0:00:10]} 31. Nd4 {[%emt 0:00:08]} Nf5 {
[%emt 0:00:05]} 32. Rdxc6 {[%emt 0:00:08]} Rxc6 {[%emt 0:00:24] '} 33. Nxc6 {
[%emt 0:00:01]} h5 {[%emt 0:00:07]} 34. Kg2 {[%emt 0:00:02]} Nd6 {[%emt 0:00:
12]} 35. Kf3 {[%emt 0:00:02]} Nc8 {[%emt 0:00:08]} 36. Rb4 {[%emt 0:00:03]} Nd6
{[%emt 0:00:05]} 37. Kf4 {[%emt 0:00:01]} Ra2 {[%emt 0:00:08]} 38. f3 {[%emt 0:
00:01]} Re2 {[%emt 0:00:05]} 39. c5 {[%emt 0:00:03]} e5+ {[%emt 0:00:07]} 40.
Nxe5 {[%emt 0:00:03]} Rxe5 {[%emt 0:00:04]} 41. cxd6 {[%emt 0:00:01]} Rf5+ {
[%emt 0:00:03]} 42. Ke4 {[%emt 0:00:01]} Ke6 {[%emt 0:00:01]} 43. Rb6 {[%emt 0:
00:02]} Re5+ {[%emt 0:00:01]} 44. Kf4 {[%emt 0:00:02]} Rf5+ {[%emt 0:00:01]}
45. Ke3 {[%emt 0:00:01]} Re5+ {[%emt 0:00:01]} 46. Kd4 {[%emt 0:00:02]} Rd5+ {
[%emt 0:00:01]} 47. Kc4 {[%emt 0:00:01]} Rxd6 {[%emt 0:00:07]} 48. Rxd6+ {
[%emt 0:00:02]} Kxd6 {[%emt 0:00:00]} 49. Kd4 {[%emt 0:00:02]} f6 {[%emt 0:00:
01]} 50. f4 {[%emt 0:00:02]} Kc6 {[%emt 0:00:04]} 51. Ke4 {[%emt 0:00:03]} Kd6
{[%emt 0:00:03]} 52. Kd4 {[%emt 0:00:01]} Kc6 {[%emt 0:00:01]} 53. Kc4 {[%emt
0:00:01]} Kb6 {[%emt 0:00:01]} 54. b4 {[%emt 0:00:01]} Kc6 {[%emt 0:00:01]} 55.
b5+ {[%emt 0:00:01]} Kb6 {[%emt 0:00:01]} 56. Kd5 {[%emt 0:00:02]} Kxb5 {[%emt
0:00:01]} 57. Ke6 {[%emt 0:00:01]} Kc4 {[%emt 0:00:00]} 58. Kxf6 {[%emt 0:00:
01]} Kd3 {[%emt 0:00:00]} 59. Kxg6 {[%emt 0:00:01]} Ke3 {[%emt 0:00:00]} 60.
Kxh5 {[%emt 0:00:02]} Kf3 {[%emt 0:00:00]} 61. f5 {[%emt 0:00:01] Heinz53 gibt
auf} 1-0

[Event "Benidorm Satellite preliminary"]
[Site "playchess.com #007036"]
[Date "2009.10.24"]
[Round "10"]
[White "Immer Letzter"]
[Black "Yoborjamari"]
[Result "1-0"]
[WhiteElo "2493"]
[BlackElo "2214"]
[PlyCount "157"]
[EventDate "2009.10.24"]
[EventType "swiss (blitz)"]

1. e4 {[%emt 0:00:02]} d5 {[%emt 0:00:01]} 2. exd5 {[%emt 0:00:01]} Qxd5 {
[%emt 0:00:01]} 3. Nc3 {[%emt 0:00:01]} Qa5 {[%emt 0:00:01]} 4. Nf3 {[%emt 0:
00:01]} Nf6 {[%emt 0:00:01]} 5. b4 {[%emt 0:00:07]} Qxb4 {[%emt 0:00:05]} 6.
Rb1 {[%emt 0:00:01]} Qd6 {[%emt 0:00:01]} 7. Bc4 {[%emt 0:00:02]} Qd8 {[%emt 0:
00:07]} 8. O-O {[%emt 0:00:06]} Nbd7 {[%emt 0:00:01]} 9. Bxf7+ {[%emt 0:00:05]}
Kxf7 {[%emt 0:00:04]} 10. Ng5+ {[%emt 0:00:01]} Kg6 {[%emt 0:00:03]} 11. Ne6 {
[%emt 0:00:16]} Qe8 {[%emt 0:00:01]} 12. Nxc7 {[%emt 0:00:01]} Qf7 {[%emt 0:00:
01]} 13. Nxa8 {[%emt 0:00:01]} e5 {[%emt 0:00:06]} 14. Nc7 {[%emt 0:00:03]} Nb6
{[%emt 0:00:07]} 15. N7b5 {[%emt 0:00:12]} a6 {[%emt 0:00:07]} 16. Na3 {[%emt
0:00:07]} Nbd7 {[%emt 0:00:07]} 17. d3 {[%emt 0:00:27]} Bc5 {[%emt 0:00:06]}
18. Nc4 {[%emt 0:00:04]} b5 {[%emt 0:00:07]} 19. Nd2 {[%emt 0:00:02]} Bd4 {
[%emt 0:00:06]} 20. Nce4 {[%emt 0:00:03]} h6 {[%emt 0:00:04]} 21. Nf3 {[%emt 0:
00:07]} Ba7 {[%emt 0:00:14]} 22. Nd6 {[%emt 0:00:09]} Qd5 {[%emt 0:00:03]} 23.
Nxc8 {[%emt 0:00:02]} Rxc8 {[%emt 0:00:01]} 24. Be3 {[%emt 0:00:02]} Bb8 {
[%emt 0:00:06]} 25. c4 {[%emt 0:00:14]} bxc4 {[%emt 0:00:12]} 26. dxc4 {[%emt
0:00:01]} Qc6 {[%emt 0:00:11]} 27. Qc2+ {[%emt 0:00:16]} Kf7 {[%emt 0:00:02]}
28. c5 {[%emt 0:00:13]} Kg8 {[%emt 0:00:11]} 29. Rfc1 {[%emt 0:00:10]} Nd5 {
[%emt 0:00:02]} 30. Qc4 {[%emt 0:00:07]} Kh8 {[%emt 0:00:14]} 31. Qb3 {[%emt 0:
00:17]} Rc7 {[%emt 0:00:09]} 32. Nd2 {[%emt 0:00:06]} Ba7 {[%emt 0:00:03]} 33.
Qc2 {[%emt 0:00:06]} N7f6 {[%emt 0:00:05]} 34. Kh1 {[%emt 0:00:04]} Rf7 {[%emt
0:00:12]} 35. Qg6 {[%emt 0:00:02]} Rc7 {[%emt 0:00:08]} 36. Ne4 {[%emt 0:00:01]
} a5 {[%emt 0:00:07]} 37. Nxf6 {[%emt 0:00:03]} Nxf6 {[%emt 0:00:01]} 38. Rd1 {
[%emt 0:00:03]} Rc8 {[%emt 0:00:08]} 39. Rd6 {[%emt 0:00:01]} Qe4 {[%emt 0:00:
32] '} 40. Rxf6 {[%emt 0:00:03]} Qxg6 {[%emt 0:00:02]} 41. Rxg6 {[%emt 0:00:01]
} Rd8 {[%emt 0:00:04]} 42. h3 {[%emt 0:00:03]} Bb8 {[%emt 0:00:02]} 43. c6 {
[%emt 0:00:01]} e4 {[%emt 0:00:02]} 44. Bb6 {[%emt 0:00:03]} Rc8 {[%emt 0:00:
05]} 45. Rc1 {[%emt 0:00:04]} Bf4 {[%emt 0:00:03]} 46. Rc4 {[%emt 0:00:04]} Be5
{[%emt 0:00:01]} 47. g3 {[%emt 0:00:01]} Bf6 {[%emt 0:00:01]} 48. Rxf6 {[%emt
0:00:01]} gxf6 {[%emt 0:00:02]} 49. c7 {[%emt 0:00:01]} Kg7 {[%emt 0:00:01]}
50. Rxe4 {[%emt 0:00:01]} Kf7 {[%emt 0:00:01]} 51. Rd4 {[%emt 0:00:01]} a4 {
[%emt 0:00:03]} 52. Rd8 {[%emt 0:00:01]} Rxc7 {[%emt 0:00:01]} 53. Bxc7 {[%emt
0:00:01]} a3 {[%emt 0:00:00]} 54. Rd3 {[%emt 0:00:02]} f5 {[%emt 0:00:00]} 55.
Rxa3 {[%emt 0:00:01]} Kg6 {[%emt 0:00:01]} 56. Rf3 {[%emt 0:00:01]} Kh5 {[%emt
0:00:00]} 57. Rxf5+ {[%emt 0:00:02]} Kg6 {[%emt 0:00:00]} 58. g4 {[%emt 0:00:
01]} h5 {[%emt 0:00:01]} 59. Rxh5 {[%emt 0:00:02]} Kf6 {[%emt 0:00:01]} 60. Re5
{[%emt 0:00:01]} Kg6 {[%emt 0:00:00]} 61. h4 {[%emt 0:00:01]} Kf6 {[%emt 0:00:
00]} 62. Kg2 {[%emt 0:00:02]} Kg6 {[%emt 0:00:00]} 63. Re6+ {[%emt 0:00:01]}
Kf7 {[%emt 0:00:02]} 64. Rd6 {[%emt 0:00:01]} Ke7 {[%emt 0:00:01]} 65. f4 {
[%emt 0:00:01]} Kf7 {[%emt 0:00:01]} 66. a4 {[%emt 0:00:01]} Ke7 {[%emt 0:00:
01]} 67. a5 {[%emt 0:00:01]} Kf7 {[%emt 0:00:00]} 68. f5 {[%emt 0:00:01]} Ke7 {
[%emt 0:00:00]} 69. g5 {[%emt 0:00:01]} Kf7 {[%emt 0:00:01]} 70. h5 {[%emt 0:
00:00]} Kg7 {[%emt 0:00:01]} 71. Rd7+ {[%emt 0:00:01]} Kf8 {[%emt 0:00:02]} 72.
Bd6+ {[%emt 0:00:04]} Ke8 {[%emt 0:00:01]} 73. Re7+ {[%emt 0:00:01]} Kf8 {
[%emt 0:00:02]} 74. f6 {[%emt 0:00:01]} Kg8 {[%emt 0:00:03]} 75. g6 {[%emt 0:
00:01]} Kf8 {[%emt 0:00:01]} 76. h6 {[%emt 0:00:01]} Kg8 {[%emt 0:00:02]} 77.
a6 {[%emt 0:00:01]} Kf8 {[%emt 0:00:01]} 78. a7 {[%emt 0:00:02]} Kg8 {[%emt 0:
00:01]} 79. a8=Q# {[%emt 0:00:01]} 1-0

[Event "Benidorm Satellite preliminary"]
[Site "playchess.com #007036"]
[Date "2009.10.24"]
[Round "10"]
[White "Scottie"]
[Black "Wethalon"]
[Result "1-0"]
[WhiteElo "2266"]
[BlackElo "2458"]
[PlyCount "121"]
[EventDate "2009.10.24"]
[EventType "swiss (blitz)"]

1. e4 {[%emt 0:00:00]} c5 {[%emt 0:00:02]} 2. Nf3 {[%emt 0:00:01]} e6 {[%emt 0:
00:01]} 3. d4 {[%emt 0:00:01]} cxd4 {[%emt 0:00:01]} 4. Bg5 {[%emt 0:00:00]}
Qa5+ {[%emt 0:00:05]} 5. c3 {[%emt 0:00:01]} Nc6 {[%emt 0:00:13]} 6. b4 {[%emt
0:00:09]} Qb6 {[%emt 0:00:08]} 7. b5 {[%emt 0:00:04]} Na5 {[%emt 0:00:11]} 8.
cxd4 {[%emt 0:00:07]} Bb4+ {[%emt 0:00:05]} 9. Nbd2 {[%emt 0:00:01]} Nf6 {
[%emt 0:00:03]} 10. Bd3 {[%emt 0:00:02]} h6 {[%emt 0:00:14]} 11. Bxf6 {[%emt 0:
00:10]} gxf6 {[%emt 0:00:01]} 12. O-O {[%emt 0:00:00]} Be7 {[%emt 0:00:03]} 13.
Rc1 {[%emt 0:00:07]} d6 {[%emt 0:00:04]} 14. Qe2 {[%emt 0:00:38]} Bd7 {[%emt 0:
00:03]} 15. a4 {[%emt 0:00:01]} h5 {[%emt 0:00:05]} 16. d5 {[%emt 0:00:08]} h4
{[%emt 0:00:17]} 17. Kh1 {[%emt 0:00:12]} Kf8 {[%emt 0:00:25]} 18. Rfe1 {[%emt
0:00:14]} a6 {[%emt 0:00:14]} 19. Rb1 {[%emt 0:00:03]} Qa7 {[%emt 0:00:14]} 20.
Rec1 {[%emt 0:00:10]} e5 {[%emt 0:00:19]} 21. Rc7 {[%emt 0:00:12]} Ke8 {[%emt
0:00:05]} 22. bxa6 {[%emt 0:00:02]} Bd8 {[%emt 0:00:01]} 23. axb7 {[%emt 0:00:
45]} Rb8 {[%emt 0:00:01]} 24. Rc2 {[%emt 0:00:19]} Rxb7 {[%emt 0:00:02]} 25.
Rcb2 {[%emt 0:00:01]} Rxb2 {[%emt 0:00:05]} 26. Rxb2 {[%emt 0:00:00]} Bxa4 {
[%emt 0:00:03]} 27. Bb5+ {[%emt 0:00:02]} Bxb5 {[%emt 0:00:02]} 28. Qxb5+ {
[%emt 0:00:00]} Kf8 {[%emt 0:00:01]} 29. Qb8 {[%emt 0:00:06]} Qc7 {[%emt 0:00:
11]} 30. Qxc7 {[%emt 0:00:09]} Bxc7 {[%emt 0:00:01]} 31. Rc2 {[%emt 0:00:00]}
Bd8 {[%emt 0:00:05]} 32. Rc8 {[%emt 0:00:02]} Ke7 {[%emt 0:00:01]} 33. Ra8 {
[%emt 0:00:00]} Kd7 {[%emt 0:00:05]} 34. Ra7+ {[%emt 0:00:02]} Bc7 {[%emt 0:00:
05]} 35. h3 {[%emt 0:00:02]} Kc8 {[%emt 0:00:04]} 36. Ra8+ {[%emt 0:00:02]} Bb8
{[%emt 0:00:06]} 37. Rxa5 {[%emt 0:00:01]} Kd7 {[%emt 0:00:01]} 38. Rb5 {[%emt
0:00:02]} Bc7 {[%emt 0:00:02]} 39. Rb7 {[%emt 0:00:03]} Kc8 {[%emt 0:00:02]}
40. Ra7 {[%emt 0:00:03]} Kd7 {[%emt 0:00:04]} 41. Kh2 {[%emt 0:00:03]} Rb8 {
[%emt 0:00:02]} 42. Nxh4 {[%emt 0:00:01]} Rb2 {[%emt 0:00:01]} 43. Ndf3 {[%emt
0:00:02]} Rxf2 {[%emt 0:00:01]} 44. Nf5 {[%emt 0:00:01]} Kc8 {[%emt 0:00:01]}
45. Ra8+ {[%emt 0:00:04]} Kb7 {[%emt 0:00:01]} 46. Rf8 {[%emt 0:00:01]} Ba5 {
[%emt 0:00:05]} 47. Rxf7+ {[%emt 0:00:02]} Kb6 {[%emt 0:00:00]} 48. Kg3 {[%emt
0:00:01]} Rf1 {[%emt 0:00:01]} 49. Rxf6 {[%emt 0:00:01]} Kc5 {[%emt 0:00:01]}
50. Nxd6 {[%emt 0:00:01]} Be1+ {[%emt 0:00:05]} 51. Kg4 {[%emt 0:00:04]} Rf2 {
[%emt 0:00:02]} 52. Nb7+ {[%emt 0:00:02]} Kc4 {[%emt 0:00:02]} 53. Rd6 {[%emt
0:00:02]} Rxg2+ {[%emt 0:00:02]} 54. Kf5 {[%emt 0:00:01]} Bb4 {[%emt 0:00:03]}
55. Rc6+ {[%emt 0:00:02]} Kd3 {[%emt 0:00:02]} 56. Nxe5+ {[%emt 0:00:02]} Kd4 {
[%emt 0:00:01]} 57. Rc4+ {[%emt 0:00:02]} Ke3 {[%emt 0:00:02]} 58. Rxb4 {[%emt
0:00:01]} Rh2 {[%emt 0:00:01]} 59. Ng4+ {[%emt 0:00:02]} Kf3 {[%emt 0:00:03]}
60. Nxh2+ {[%emt 0:00:00]} Kg3 {[%emt 0:00:00]} 61. d6 {[%emt 0:00:01]
Wethalon resigns} 1-0